<?xml version="1.0" encoding="UTF-8"?>
<record
    xmlns:xsi="http://www.w3.org/2001/XMLSchema-instance"
    xsi:schemaLocation="http://www.loc.gov/MARC21/slim http://www.loc.gov/standards/marcxml/schema/MARC21slim.xsd"
    xmlns="http://www.loc.gov/MARC21/slim">

  <leader>01607    a2200205   4500</leader>
  <controlfield tag="001">38511</controlfield>
  <controlfield tag="005">20260407155648.0</controlfield>
  <controlfield tag="008">260407a1980    arg                 spa d</controlfield>
  <controlfield tag="003">AR-UNSa-BCEJYS</controlfield>
  <datafield tag="040" ind1=" " ind2=" ">
    <subfield code="a">AR-UNSa-BCEJYS</subfield>
    <subfield code="b">spa</subfield>
    <subfield code="c">AR-UNSa-BCEJYS</subfield>
  </datafield>
  <datafield tag="080" ind1=" " ind2=" ">
    <subfield code="a">658.8</subfield>
    <subfield code="x">Organizaci&#xF3;n de mercados. Marketing. Ventas. Distribuci&#xF3;n</subfield>
  </datafield>
  <datafield tag="245" ind1="1" ind2="0">
    <subfield code="a">Marketing</subfield>
    <subfield code="p">an&#xE1;lisis econ&#xF3;mico-comparativo y gerencial</subfield>
  </datafield>
  <datafield tag="250" ind1=" " ind2=" ">
    <subfield code="a">4a. ed.</subfield>
  </datafield>
  <datafield tag="264" ind1=" " ind2="1">
    <subfield code="a">Buenos Aires :</subfield>
    <subfield code="b">Sudamericana</subfield>
    <subfield code="c">1980</subfield>
  </datafield>
  <datafield tag="300" ind1=" " ind2=" ">
    <subfield code="a">683 p.</subfield>
    <subfield code="c">20 cm.</subfield>
  </datafield>
  <datafield tag="505" ind1=" " ind2=" ">
    <subfield code="a">1. Sistemas econ&#xF3;micos - El sistema capitalista - 2. Marketing en las econom&#xED;as orientadas hacia el consumidor: EE.UU - 3. El sistema colectivista - 4. Marketing en las econom&#xED;as orientadas hacia la producci&#xF3;n y en las econom&#xED;as en transici&#xF3;n - 5. Fundamentos de marketing( de acuerdo a las experiencias capitalista y colectiva) - 6. Las ganancias y la din&#xE1;mica de las empresas modernas - 7. El ejecutivo, la planificaci&#xF3;n y la organizaci&#xF3;n de marketing - 8. La conducta del consumidor: Principios de ciencias de la conducta y de investigaci&#xF3;n - 9. La conducta del consumidor - 10. La direcci&#xF3;n de la informaci&#xF3;n y la toma de decisiones - 11. La innovaci&#xF3;n y la direcci&#xF3;n de los productos - 12. Competencia de precios y de marcas - 13. Selecci&#xF3;n de canales y logistica de la distribuci&#xF3;n - 14. La funci&#xF3;n de promoci&#xF3;n : El concepto de promoci&#xF3;n, la venta personal- La funci&#xF3;n de promoci&#xF3;n: Comunicaci&#xF3;n masiva.Publicidad - 16. Medici&#xF3;n de la efectividad publicitaria</subfield>
  </datafield>
  <datafield tag="942" ind1=" " ind2=" ">
    <subfield code="c">BK</subfield>
  </datafield>
  <datafield tag="590" ind1=" " ind2=" ">
    <subfield code="a">niveau_biblio:m niveau_hierar:0</subfield>
  </datafield>
  <datafield tag="100" ind1="1" ind2=" ">
    <subfield code="a">Costa Lieste, Enrique G.</subfield>
  </datafield>
  <datafield tag="999" ind1=" " ind2=" ">
    <subfield code="c">2891</subfield>
    <subfield code="d">2891</subfield>
  </datafield>
  <datafield tag="952" ind1=" " ind2=" ">
    <subfield code="0">0</subfield>
    <subfield code="1">0</subfield>
    <subfield code="4">0</subfield>
    <subfield code="7">0</subfield>
    <subfield code="a">BCEJYS</subfield>
    <subfield code="b">BCEJYS</subfield>
    <subfield code="c">16</subfield>
    <subfield code="d">2026-04-07</subfield>
    <subfield code="l">0</subfield>
    <subfield code="o">658.8 C837 4ed.</subfield>
    <subfield code="p">L45142</subfield>
    <subfield code="r">2026-04-07 15:56:48</subfield>
    <subfield code="w">2026-04-07</subfield>
    <subfield code="y">L</subfield>
  </datafield>
  <datafield tag="952" ind1=" " ind2=" ">
    <subfield code="0">0</subfield>
    <subfield code="1">0</subfield>
    <subfield code="4">0</subfield>
    <subfield code="7">0</subfield>
    <subfield code="a">BCEJYS</subfield>
    <subfield code="b">BCEJYS</subfield>
    <subfield code="c">16</subfield>
    <subfield code="d">2026-04-07</subfield>
    <subfield code="l">0</subfield>
    <subfield code="o">658.8 C837 4ed.</subfield>
    <subfield code="p">L45298</subfield>
    <subfield code="r">2026-04-07 15:56:48</subfield>
    <subfield code="w">2026-04-07</subfield>
    <subfield code="y">L</subfield>
  </datafield>
  <datafield tag="952" ind1=" " ind2=" ">
    <subfield code="0">0</subfield>
    <subfield code="1">0</subfield>
    <subfield code="4">0</subfield>
    <subfield code="7">0</subfield>
    <subfield code="a">BCEJYS</subfield>
    <subfield code="b">BCEJYS</subfield>
    <subfield code="c">16</subfield>
    <subfield code="d">2026-04-07</subfield>
    <subfield code="l">0</subfield>
    <subfield code="o">658.8 C837 4ed.</subfield>
    <subfield code="p">L45143</subfield>
    <subfield code="r">2026-04-07 15:56:48</subfield>
    <subfield code="w">2026-04-07</subfield>
    <subfield code="y">L</subfield>
  </datafield>
</record>
